Актуальность буровзрывных работ с прямыми врубами при проведении горизонтальных горно-разведочных выработок; Проблемы геологии и освоения недр; Т. 2
| Parent link: | Проблемы геологии и освоения недр: труды XIX Международного симпозиума имени академика М. А. Усова студентов и молодых ученых, посвященного 70-летнему юбилею Победы советского народа над фашистской Германией, Томск, 6-10 апреля 2015 г./ Национальный исследовательский Томский политехнический университет (ТПУ), Институт природных ресурсов (ИПР) ; Общество инженеров-нефтяников, международная некоммерческая организация, Студенческий чаптер ; под ред. А. Ю. Дмитриева.— , 2015 Т. 2.— [С. 431-432] |
|---|---|
| Autore principale: | |
| Ente Autore: | |
| Altri autori: | |
| Riassunto: | Заглавие с экрана |
| Lingua: | russo |
| Pubblicazione: |
|
| Serie: | Горное дело. Разработка рудных и нерудных полезных ископаемых |
| Soggetti: | |
| Accesso online: | http://earchive.tpu.ru/handle/11683/22881 http://www.lib.tpu.ru/fulltext/c/2015/C11/V2/189.pdf |
| Natura: | MixedMaterials Elettronico Capitolo di libro |
| KOHA link: | https://koha.lib.tpu.ru/cgi-bin/koha/opac-detail.pl?biblionumber=615504 |
MARC
| LEADER | 00000naa2a2200000 4500 | ||
|---|---|---|---|
| 001 | 615504 | ||
| 005 | 20231101132849.0 | ||
| 035 | |a (RuTPU)RU\TPU\conf\13703 | ||
| 035 | |a RU\TPU\conf\13701 | ||
| 090 | |a 615504 | ||
| 100 | |a 20151110d2015 k y0rusy50 ca | ||
| 101 | 0 | |a rus | |
| 102 | |a RU | ||
| 105 | |a y z 100zy | ||
| 135 | |a drcn ---uucaa | ||
| 181 | 0 | |a i | |
| 182 | 0 | |a b | |
| 200 | 1 | |a Актуальность буровзрывных работ с прямыми врубами при проведении горизонтальных горно-разведочных выработок |f А. Н. Масловский |g науч. рук. В. Г. Лукьянов | |
| 203 | |a Текст |c электронный | ||
| 225 | 1 | |a Горное дело. Разработка рудных и нерудных полезных ископаемых | |
| 230 | |a 1 компьютерный файл (pdf; 549 Kb) | ||
| 300 | |a Заглавие с экрана | ||
| 320 | |a [Библиогр.: с. 432 (1 назв.)] | ||
| 337 | |a Adobe Reader | ||
| 461 | 1 | |0 (RuTPU)RU\TPU\conf\12865 |t Проблемы геологии и освоения недр |o труды XIX Международного симпозиума имени академика М. А. Усова студентов и молодых ученых, посвященного 70-летнему юбилею Победы советского народа над фашистской Германией, Томск, 6-10 апреля 2015 г. |o в 2 т. |f Национальный исследовательский Томский политехнический университет (ТПУ), Институт природных ресурсов (ИПР) ; Общество инженеров-нефтяников, международная некоммерческая организация, Студенческий чаптер ; под ред. А. Ю. Дмитриева |d 2015 | |
| 463 | 1 | |0 (RuTPU)RU\TPU\conf\13350 |t Т. 2 |v [С. 431-432] | |
| 610 | 1 | |a труды учёных ТПУ | |
| 610 | 1 | |a электронный ресурс | |
| 610 | 1 | |a буровзрывные работы | |
| 610 | 1 | |a прямые врубы | |
| 610 | 1 | |a горизонтальные выработки | |
| 610 | 1 | |a горно-разведочные выработки | |
| 700 | 1 | |a Масловский |b А. Н. |c геолог |c инженер Томского политехнического университета |f 1986- |g Алексей Николаевич |2 stltpush |3 (RuTPU)RU\TPU\pers\32558 | |
| 702 | 1 | |a Лукьянов |b В. Г. |c горный инженер |c профессор Томского политехнического университета, доктор технических наук |f 1930- |g Виктор Григорьевич |2 stltpush |4 727 | |
| 712 | 0 | 2 | |a Национальный исследовательский Томский политехнический университет (ТПУ) |b Институт природных ресурсов (ИПР) |b Кафедра транспорта и хранения нефти и газа (ТХНГ) |h 257 |2 stltpush |3 (RuTPU)RU\TPU\col\18661 |
| 801 | 2 | |a RU |b 63413507 |c 20210118 |g RCR | |
| 856 | 4 | |u http://earchive.tpu.ru/handle/11683/22881 | |
| 856 | 4 | |u http://www.lib.tpu.ru/fulltext/c/2015/C11/V2/189.pdf | |
| 942 | |c BK | ||